[Event "Schachbezirk Oberbayern - EM 2017"]
[Site "Hochstätt am Inn"]
[Date "2017.05.28"]
[Round "1.1"]
[White "Spieß, Martin"]
[Black "Nikutowski, Oliver"]
[Result "1-0"]
[WhiteElo "2210"]
[BlackElo "1993"]
[PlyCount "85"]
[EventDate "2017.??.??"]
[WhiteTeam "SK Ingolstadt"]
[BlackTeam "Gautinger SC"]

1. e4 c5 2. Nf3 d6 3. d4 cxd4 4. Nxd4 Nf6 5. Nc3 g6 6. Be3 Bg7 7. f3 O-O 8. Qd2
Nc6 9. O-O-O d5 10. Kb1 Nxd4 11. e5 Nf5 12. exf6 exf6 13. Bc5 Re8 14. Nxd5 Kh8
15. Bb5 Bd7 16. Bxd7 Qxd7 17. g4 Qc6 18. Ba3 Nh4 19. Qf2 Rad8 20. Qxh4 Rxd5 21.
Rxd5 Qxd5 22. Qf2 f5 23. Re1 Rd8 24. b3 Kg8 25. Bb2 fxg4 26. fxg4 Bxb2 27. Kxb2
Qd4+ 28. Qxd4 Rxd4 29. Re7 Rxg4 30. Rxb7 a5 31. c4 a4 32. c5 Rg2+ 33. Kc3 Rg5
34. Kb4 axb3 35. axb3 Rg1 36. c6 Rc1 37. c7 Kg7 38. Kb5 g5 39. b4 g4 40. Kb6 h5
41. Rb8 Rxc7 42. Kxc7 h4 43. Kd6 1-0

[Event "Schachbezirk Oberbayern - EM 2017"]
[Site "Hochstätt am Inn"]
[Date "2017.05.28"]
[Round "1.2"]
[White "Graf, Christian"]
[Black "Schlichtmann, Robin"]
[Result "1/2-1/2"]
[WhiteElo "1981"]
[BlackElo "2161"]
[PlyCount "76"]
[EventDate "2017.??.??"]
[WhiteTeam "SU Ebersberg-Grafing"]
[BlackTeam "SK Bruckmühl e.V."]

1. e4 e5 2. Nf3 Nc6 3. Bb5 a6 4. Bxc6 dxc6 5. d3 Bc5 6. Nbd2 f6 7. Nc4 Ne7 8.
Be3 Bxe3 9. Nxe3 c5 10. Qd2 Be6 11. Qc3 Qd6 12. Nc4 Qd7 13. a3 Nc6 14. Na5 Nxa5
15. Qxa5 c4 16. O-O-O cxd3 17. Rxd3 Qe7 18. Rc3 c6 19. Qc5 Qxc5 20. Rxc5 O-O-O
21. Rc3 Rd7 22. Rd1 Rhd8 23. Rxd7 Rxd7 24. Ne1 Kc7 25. Rd3 Rd4 26. f3 Bc4 27.
Rd2 Kd6 28. c3 Rxd2 29. Kxd2 Bf1 30. g3 Kc5 31. Nc2 Bh3 32. Ne3 Be6 33. Kd3 a5
34. Kc2 a4 35. Kd3 b5 36. Kc2 g6 37. Kd2 h5 38. h4 Kb6 1/2-1/2

[Event "Schachbezirk Oberbayern - EM 2017"]
[Site "Hochstätt am Inn"]
[Date "2017.05.28"]
[Round "1.3"]
[White "Schlosser, Andree"]
[Black "Bergerhoff, Andreas"]
[Result "1-0"]
[WhiteElo "2134"]
[BlackElo "1988"]
[PlyCount "83"]
[EventDate "2017.??.??"]
[WhiteTeam "SAbt TuS Fürstenfeldbruck"]
[BlackTeam "SK Bruckmühl e.V."]

1. c4 c5 2. g3 Nc6 3. Bg2 g6 4. Nf3 Bg7 5. O-O d6 6. Nc3 e5 7. a3 f5 8. b4 Be6
9. bxc5 dxc5 10. Rb1 e4 11. Rxb7 Bxc3 12. dxc3 Qxd1 13. Rxd1 exf3 14. Bxf3 Ne5
15. Bd5 Rd8 16. Bf4 Bxd5 17. cxd5 Nf7 18. Rxa7 Nf6 19. c4 O-O 20. Rb1 Rd7 21.
Ra5 Rc8 22. f3 Re7 23. Kf2 Rce8 24. Rb2 g5 25. Bc1 Nd7 26. a4 Nb6 27. Rc2 Nxc4
28. Rxc5 Ncd6 29. Rc6 Rd7 30. a5 Nb5 31. Rc8 Red8 32. Rxd8+ Rxd8 33. Rc5 Nbd6
34. a6 h6 35. Rc6 Nb5 36. e4 Ne5 37. Rb6 Na7 38. Ke2 Rd7 39. Rxh6 Kf7 40. Bxg5
fxe4 41. fxe4 Kg7 42. Rb6 1-0

[Event "Schachbezirk Oberbayern - EM 2017"]
[Site "Hochstätt am Inn"]
[Date "2017.05.28"]
[Round "1.4"]
[White "Höller, Armin"]
[Black "Straub, Jürgen"]
[Result "1/2-1/2"]
[WhiteElo "1961"]
[BlackElo "2121"]
[PlyCount "83"]
[EventDate "2017.??.??"]
[WhiteTeam "SK Weilheim"]
[BlackTeam "TSV Ingolstadt Nord"]

1. c4 Nf6 2. g3 g6 3. Bg2 Bg7 4. Nc3 O-O 5. d3 c5 6. Nf3 Nc6 7. O-O d6 8. a3
Bd7 9. Rb1 a5 10. b3 Ne8 11. Bb2 Nc7 12. Nd5 Rb8 13. Bxg7 Kxg7 14. Nd2 b5 15.
f4 e6 16. Nxc7 Qxc7 17. Ne4 Nd4 18. e3 Nf5 19. Qe1 b4 20. g4 Ne7 21. Qh4 Ng8
22. a4 f5 23. gxf5 exf5 24. Ng3 Rbe8 25. Rbe1 Qd8 26. Qxd8 Rxd8 27. e4 Rfe8 28.
exf5 Bxf5 29. Nxf5+ gxf5 30. Bc6 Re7 31. Kf2 Kf6 32. Bd5 Rde8 33. Bxg8 Rxg8 34.
Re3 Rge8 35. Rfe1 Rxe3 36. Rxe3 Rg8 37. Rg3 Rg4 38. Kf3 Rg7 39. Rxg7 Kxg7 40.
Kg3 Kg6 41. Kh3 Kh5 42. Kg3 1/2-1/2

[Event "Schachbezirk Oberbayern - EM 2017"]
[Site "Hochstätt am Inn"]
[Date "2017.05.28"]
[Round "1.5"]
[White "Jocher, Georg"]
[Black "Reisser, Simon"]
[Result "1/2-1/2"]
[WhiteElo "2075"]
[BlackElo "1938"]
[PlyCount "99"]
[EventDate "2017.??.??"]
[WhiteTeam "SK Großweil"]
[BlackTeam "TSV Trostberg"]

1. Nf3 Nf6 2. g3 d5 3. Bg2 g6 4. O-O Bg7 5. d4 O-O 6. c4 c6 7. Nc3 Re8 8. Qb3
e6 9. Rd1 Nbd7 10. Bf4 Nb6 11. Nd2 dxc4 12. Nxc4 Nfd5 13. Nd6 Re7 14. Nxc8 Rxc8
15. Bg5 Bf6 16. Bxf6 Nxf6 17. a4 a5 18. Rac1 Rd7 19. e3 Nbd5 20. Bf3 Nb4 21.
Ne2 h6 22. Kg2 Qe7 23. Nf4 Nfd5 24. Nd3 Nxd3 25. Rxd3 Nb4 26. Rdd1 b6 27. h4 h5
28. Qc4 Rdc7 29. b3 c5 30. d5 Nxd5 31. Bxd5 exd5 32. Rxd5 Rd7 33. Rcd1 Rcd8 34.
e4 Rd6 35. f4 Qe6 36. Rxd6 Rxd6 37. Qxe6 Rxe6 38. Rd8+ Kg7 39. Kf3 Rc6 40. Rd3
b5 41. Rc3 b4 42. Rc1 c4 43. bxc4 b3 44. c5 b2 45. Rb1 Rxc5 46. Rxb2 Rc3+ 47.
Ke2 Ra3 48. e5 Rxa4 49. Rb7 Kf8 50. Ra7 1/2-1/2

[Event "Schachbezirk Oberbayern - EM 2017"]
[Site "Hochstätt am Inn"]
[Date "2017.05.28"]
[Round "1.6"]
[White "Kobl, Rudolf"]
[Black "Frese, Daniel"]
[Result "1/2-1/2"]
[WhiteElo "1912"]
[BlackElo "2063"]
[PlyCount "164"]
[EventDate "2017.??.??"]
[WhiteTeam "SK Wasserburg"]
[BlackTeam "SG Traunstein/Traunreut e.V."]

1. e4 e6 2. d4 d5 3. Nc3 Nf6 4. e5 Nfd7 5. f4 c5 6. Nf3 Nc6 7. Be3 Be7 8. Qd2
O-O 9. Be2 b6 10. O-O f6 11. Kh1 Qc7 12. Nb5 Qb8 13. c3 Ba6 14. Rad1 f5 15. Ng5
Bxg5 16. fxg5 Bxb5 17. Bxb5 Qc7 18. Ba4 Rac8 19. Rc1 Na5 20. Qe2 Qb7 21. h4
cxd4 22. cxd4 Rc4 23. Bb5 Rxc1 24. Rxc1 Rc8 25. Rxc8+ Qxc8 26. b3 Nb8 27. Qd2
a6 28. Bd3 g6 29. Qb4 Qc7 30. Bd2 Kf7 31. Qc3 Qxc3 32. Bxc3 Nac6 33. Kg1 Ke7
34. Kf2 Kd7 35. Ke3 Na7 36. Bb4 Nbc6 37. Bc3 Nb5 38. Bb2 Nb4 39. Bb1 Kc8 40. a3
Nc6 41. g3 Kb7 42. Bc2 Nba7 43. Bc3 b5 44. Kd3 Kb6 45. Ke3 Nc8 46. Bb2 a5 47.
Kd3 Ka6 48. Ke3 Nb6 49. Kd3 a4 50. b4 Nc4 51. Bc1 Kb6 52. Kc3 Ne7 53. Kd3 Kc6
54. Ke2 Kd7 55. Kd3 Ke8 56. Bd1 Kf7 57. Bf3 Kg7 58. Bd1 Ng8 59. Bf3 h6 60. Ke2
hxg5 61. hxg5 Kf7 62. Kd3 Ne7 63. Bd1 Nc8 64. Bf3 N8b6 65. Bd1 Na8 66. Ke2 Nc7
67. Kf3 Ne8 68. Ke2 Ng7 69. Kd3 Nh5 70. Bxh5 gxh5 71. Ke2 Kg6 72. Kf3 Nb6 73.
Kg2 Nd7 74. Kh3 Nb8 75. Kh4 Nc6 76. Bb2 Ne7 77. Bc3 f4 78. gxf4 Nf5+ 79. Kh3
Ne3 80. Bb2 Nc2 81. Kg3 Ne1 82. Bc3 Nc2 1/2-1/2

[Event "Schachbezirk Oberbayern - EM 2017"]
[Site "Hochstätt am Inn"]
[Date "2017.05.28"]
[Round "1.7"]
[White "Steinheimer, Jürgen"]
[Black "Ott, Josef Sebastian"]
[Result "0-1"]
[WhiteElo "2059"]
[BlackElo "1852"]
[PlyCount "58"]
[EventDate "2017.??.??"]
[WhiteTeam "SK Gräfelfing"]
[BlackTeam "SG Traunstein/Traunreut e.V."]

1. d4 Nf6 2. Bg5 e6 3. Nd2 c5 4. e4 cxd4 5. e5 Qa5 6. Ngf3 Ng4 7. Bf4 Nc6 8.
Qe2 Bb4 9. a3 Ngxe5 10. O-O-O Nxf3 11. Nc4 Qa4 12. Qxf3 d5 13. Nd6+ Bxd6 14.
Bxd6 Kd7 15. Qg3 Re8 16. Bc5 Rg8 17. Qd6+ Ke8 18. Rxd4 Qa5 19. Rd1 Bd7 20. Kb1
Rc8 21. c4 b6 22. Be3 Ne7 23. cxd5 Nxd5 24. Bd4 Ba4 25. b4 Bc2+ 26. Kb2 Qa4 27.
Rd3 Bd1 28. Rc3 Nxc3 29. Bxc3 Qc2+ 0-1

[Event "Schachbezirk Oberbayern - EM 2017"]
[Site "Hochstätt am Inn"]
[Date "2017.05.28"]
[Round "1.8"]
[White "Gilhuber, Max"]
[Black "Rosner, Gerhard"]
[Result "1/2-1/2"]
[WhiteElo "1699"]
[BlackElo "2029"]
[PlyCount "61"]
[EventDate "2017.??.??"]
[WhiteTeam "SK Töging"]
[BlackTeam "SG Pang-Rosenheim 1910 e.V."]

1. d4 Nf6 2. Nf3 e6 3. c4 d5 4. Nc3 Be7 5. e3 O-O 6. Bd3 c5 7. O-O Nc6 8. a3 b6
9. Ne5 Bb7 10. cxd5 exd5 11. Nxc6 Bxc6 12. Re1 Qd7 13. b3 Rfd8 14. Bb2 Ne4 15.
Qc2 f5 16. Rad1 Bf6 17. dxc5 bxc5 18. Nxe4 Bxb2 19. Nxc5 Qe7 20. Qxb2 Qxc5 21.
Bxf5 Qe7 22. Qc2 Rd6 23. Bxh7+ Kh8 24. Bf5 Rf8 25. Bh3 Rh6 26. a4 Rxh3 27. gxh3
Qh4 28. Rf1 Qxh3 29. Qxc6 Qg4+ 30. Kh1 Qf3+ 31. Kg1 1/2-1/2

[Event "Schachbezirk Oberbayern - EM 2017"]
[Site "Hochstätt am Inn"]
[Date "2017.05.28"]
[Round "1.9"]
[White "Linner, Christian"]
[Black "Holzmayr, Norbert"]
[Result "0-1"]
[WhiteElo "2001"]
[BlackElo "1692"]
[PlyCount "114"]
[EventDate "2017.??.??"]
[WhiteTeam "SC Prien"]
[BlackTeam "SV Ilmmünster"]

1. c4 f5 2. g3 Nf6 3. Bg2 g6 4. d3 Bg7 5. e4 c6 6. e5 Qa5+ 7. Nc3 Qxe5+ 8. Nge2
Qc7 9. d4 d6 10. Bg5 O-O 11. Qd2 e5 12. Bh6 Be6 13. Bxg7 Kxg7 14. d5 Bd7 15.
dxc6 Bxc6 16. Nd5 Bxd5 17. cxd5 Na6 18. O-O Qb6 19. Rac1 Rac8 20. h3 Rc5 21.
Rxc5 dxc5 22. Nc3 Nb8 23. Rd1 a6 24. Qe2 Qd6 25. a4 Nbd7 26. a5 Nh5 27. Na4 f4
28. g4 f3 29. Bxf3 Nf4 30. Qe3 Nxh3+ 31. Kg2 Nf4+ 32. Kh1 g5 33. Bg2 Nxg2 34.
Kxg2 Rf4 35. f3 Rxa4 36. Qxg5+ Kf8 37. Qd8+ Kg7 38. Rh1 Rf4 39. Rh5 Rf8 40. Qh4
h6 41. g5 Qxd5 42. Qg4 Qd2+ 43. Kh3 hxg5 44. Rxg5+ Kf7 45. Rf5+ Ke8 46. Qg6+
Kd8 47. Rxf8+ Nxf8 48. Qb6+ Ke8 49. Qxc5 Qh6+ 50. Kg2 Qd2+ 51. Kg3 Qxb2 52. Qd5
Qb5 53. Qd2 Nd7 54. Kg4 Qc4+ 55. Kf5 Qf7+ 56. Ke4 Qg6+ 57. Kd5 Qc6# 0-1

[Event "Schachbezirk Oberbayern - EM 2017"]
[Site "Hochstätt am Inn"]
[Date "2017.05.28"]
[Round "2.1"]
[White "Ott, Josef Sebastian"]
[Black "Spieß, Martin"]
[Result "1-0"]
[WhiteElo "1852"]
[BlackElo "2210"]
[PlyCount "63"]
[EventDate "2017.??.??"]
[WhiteTeam "SG Traunstein/Traunreut e.V."]
[BlackTeam "SK Ingolstadt"]

1. e4 c5 2. Nf3 d6 3. d4 cxd4 4. Nxd4 Nf6 5. Nc3 g6 6. Be3 Bg7 7. f3 Nc6 8. Qd2
O-O 9. O-O-O d5 10. exd5 Nxd5 11. Nxc6 bxc6 12. Bd4 e5 13. Bc5 Be6 14. Ne4 Re8
15. h4 Qc7 16. h5 Rab8 17. hxg6 hxg6 18. g4 Red8 19. Qh2 f6 20. Bd3 Kf7 21. Qh7
Nf4 22. Nd6+ Rxd6 23. Bxd6 Qxd6 24. Bxg6+ Nxg6 25. Rxd6 Rh8 26. Qxg7+ Kxg7 27.
Rxh8 Bd5 28. Ra8 Nh4 29. Rxa7+ Kg6 30. Rxd5 cxd5 31. b4 Nxf3 32. b5 1-0

[Event "Schachbezirk Oberbayern - EM 2017"]
[Site "Hochstätt am Inn"]
[Date "2017.05.28"]
[Round "2.2"]
[White "Holzmayr, Norbert"]
[Black "Schlosser, Andree"]
[Result "0-1"]
[WhiteElo "1692"]
[BlackElo "2134"]
[PlyCount "86"]
[EventDate "2017.??.??"]
[WhiteTeam "SV Ilmmünster"]
[BlackTeam "SAbt TuS Fürstenfeldbruck"]

1. d4 d6 2. e4 Nf6 3. Bd3 e5 4. Nf3 Bg4 5. c3 Nbd7 6. O-O c6 7. Nbd2 Qc7 8. Qc2
h6 9. Nh4 Be7 10. Nf5 Bxf5 11. exf5 O-O 12. Nf3 Rfe8 13. dxe5 dxe5 14. Nd2 Rad8
15. Ne4 Nc5 16. Nxf6+ Bxf6 17. Be2 e4 18. Be3 Qe5 19. Bg4 a5 20. Rae1 Nd3 21.
Re2 c5 22. f3 Qc7 23. fxe4 Rxe4 24. Bf3 Re7 25. b3 b5 26. c4 Nb4 27. Qc1 Rde8
28. Bf4 Qd7 29. Rxe7 Rxe7 30. g4 Nd3 31. Qd2 Qd4+ 32. Kh1 Nxf4 33. Qxd4 cxd4
34. cxb5 Be5 35. b6 d3 36. b7 d2 37. Rd1 Bb8 38. Kg1 Re1+ 39. Kf2 Nd3+ 40. Kg2
Rxd1 41. Bxd1 Nb2 42. Kf2 Nxd1+ 43. Ke2 Nc3+ 0-1

[Event "Schachbezirk Oberbayern - EM 2017"]
[Site "Hochstätt am Inn"]
[Date "2017.05.28"]
[Round "2.3"]
[White "Schlichtmann, Robin"]
[Black "Höller, Armin"]
[Result "1-0"]
[WhiteElo "2161"]
[BlackElo "1961"]
[PlyCount "71"]
[EventDate "2017.??.??"]
[WhiteTeam "SK Bruckmühl e.V."]
[BlackTeam "SK Weilheim"]

1. e4 e5 2. Nf3 Nc6 3. Bb5 a6 4. Ba4 Nf6 5. O-O Be7 6. Re1 b5 7. Bb3 d6 8. c3
O-O 9. h3 Nb8 10. d4 Nbd7 11. Nbd2 c5 12. Nf1 Bb7 13. Ng3 Re8 14. d5 h6 15. Nf5
Bf8 16. Bc2 Kh7 17. g4 g6 18. Ng3 Bg7 19. Be3 Ng8 20. Kg2 a5 21. Rh1 Nb6 22. b3
a4 23. h4 axb3 24. Bxb3 Bf6 25. g5 Be7 26. h5 Na4 27. Qd2 Bc8 28. Rag1 Bg4 29.
hxg6+ fxg6 30. Nh4 Rf8 31. f3 Bd7 32. Kf2 Be8 33. Nhf5 h5 34. Ke1 c4 35. Nxh5
gxh5 36. Rxh5+ 1-0

[Event "Schachbezirk Oberbayern - EM 2017"]
[Site "Hochstätt am Inn"]
[Date "2017.05.28"]
[Round "2.4"]
[White "Straub, Jürgen"]
[Black "Kobl, Rudolf"]
[Result "1-0"]
[WhiteElo "2121"]
[BlackElo "1912"]
[PlyCount "151"]
[EventDate "2017.??.??"]
[WhiteTeam "TSV Ingolstadt Nord"]
[BlackTeam "SK Wasserburg"]

1. e4 c5 2. Nf3 e6 3. d4 cxd4 4. Nxd4 Nc6 5. Nb5 d6 6. c4 Nf6 7. N5c3 Be7 8.
Be2 O-O 9. O-O a6 10. Be3 b6 11. f4 Qc7 12. Bf3 Bb7 13. Qe2 Rac8 14. Nd2 Nd7
15. Rac1 Qb8 16. Rfd1 Rfd8 17. Nb3 Bf6 18. a3 Nc5 19. Na1 Nd7 20. b4 Ba8 21.
Qd2 Be7 22. Nb3 Na7 23. Be2 b5 24. Na5 Nf6 25. Qd4 Nc6 26. Nxc6 Bxc6 27. Bd3 e5
28. fxe5 dxe5 29. Qb6 Ng4 30. Qxb8 Rxb8 31. Ba7 Rb7 32. cxb5 Rxa7 33. bxc6 Ne3
34. Nd5 Nxd1 35. c7 Rxc7 36. Rxc7 Bd6 37. Ra7 f5 38. Rxa6 Nb2 39. Bb5 fxe4 40.
Rc6 Bb8 41. Nc3 Ba7+ 42. Kf1 e3 43. Ne4 Bd4 44. Ke2 Rf8 45. g3 Ra8 46. Ba6 Na4
47. Rc8+ Rxc8 48. Bxc8 Bb2 49. Be6+ Kf8 50. Bb3 Nb6 51. a4 Bd4 52. Ng5 h6 53.
Ne6+ Ke7 54. Nxg7 Kf6 55. Ne8+ Kf5 56. h3 Bc3 57. Nd6+ Kg6 58. a5 Bxb4 59. Bc2+
Kh5 60. axb6 Bxd6 61. Be4 Kg5 62. b7 h5 63. Kxe3 h4 64. g4 Bb8 65. Bd5 Ba7+ 66.
Ke4 Bb8 67. Bc4 Kf6 68. Kd5 Ke7 69. g5 Ke8 70. Bd3 Ke7 71. Be4 Ke8 72. Ke6 Bc7
73. g6 Kf8 74. b8=Q+ Bxb8 75. Kf6 Kg8 76. g7 1-0

[Event "Schachbezirk Oberbayern - EM 2017"]
[Site "Hochstätt am Inn"]
[Date "2017.05.28"]
[Round "2.5"]
[White "Rosner, Gerhard"]
[Black "Jocher, Georg"]
[Result "1/2-1/2"]
[WhiteElo "2029"]
[BlackElo "2075"]
[PlyCount "84"]
[EventDate "2017.??.??"]
[WhiteTeam "SG Pang-Rosenheim 1910 e.V."]
[BlackTeam "SK Großweil"]

1. c4 Nf6 2. g3 g6 3. Bg2 Bg7 4. Nc3 O-O 5. d3 d6 6. e4 Nc6 7. Nge2 e5 8. O-O
Nd7 9. Be3 Nc5 10. f4 Bg4 11. h3 Bxe2 12. Qxe2 Ne6 13. f5 Ned4 14. Qf2 f6 15.
g4 a5 16. Rab1 g5 17. b3 Ra6 18. a3 Rf7 19. Rb2 Qb8 20. Nb5 Bf8 21. Kh2 Be7 22.
Kh1 a4 23. Bxd4 exd4 24. b4 Ne5 25. Qxd4 c6 26. Nc3 Bd8 27. Ne2 Bb6 28. Qc3 c5
29. Qc2 h5 30. b5 Ra8 31. gxh5 Rh7 32. Bf3 Nxf3 33. Rxf3 Rxh5 34. Nc3 Kf7 35.
Nd5 Ba5 36. Qg2 Qe8 37. Qg3 Qd7 38. Rg2 Rah8 39. Kg1 Bd8 40. Kf1 Be7 41. Kf2
Qd8 42. Kf1 Qa5 1/2-1/2

[Event "Schachbezirk Oberbayern - EM 2017"]
[Site "Hochstätt am Inn"]
[Date "2017.05.28"]
[Round "2.6"]
[White "Frese, Daniel"]
[Black "Gilhuber, Max"]
[Result "1-0"]
[WhiteElo "2063"]
[BlackElo "1699"]
[PlyCount "35"]
[EventDate "2017.??.??"]
[WhiteTeam "SG Traunstein/Traunreut e.V."]
[BlackTeam "SK Töging"]

1. e4 c5 2. Nf3 Nc6 3. d4 cxd4 4. Nxd4 g6 5. Nc3 Bg7 6. Be3 d6 7. Qd2 Nf6 8. f3
O-O 9. Bc4 a6 10. O-O-O Bd7 11. h4 h5 12. g4 hxg4 13. Nxc6 bxc6 14. h5 Nxh5 15.
Bh6 Kh7 16. Rxh5 gxh5 17. Bxg7 Kxg7 18. Qg5+ 1-0

[Event "Schachbezirk Oberbayern - EM 2017"]
[Site "Hochstätt am Inn"]
[Date "2017.05.28"]
[Round "2.7"]
[White "Reisser, Simon"]
[Black "Graf, Christian"]
[Result "1/2-1/2"]
[WhiteElo "1938"]
[BlackElo "1981"]
[PlyCount "49"]
[EventDate "2017.??.??"]
[WhiteTeam "TSV Trostberg"]
[BlackTeam "SU Ebersberg-Grafing"]

1. e4 c6 2. d4 d5 3. exd5 cxd5 4. Bd3 Nc6 5. c3 Nf6 6. Bf4 Bg4 7. Nf3 e6 8.
Nbd2 Bd6 9. Bxd6 Qxd6 10. O-O O-O 11. h3 Bh5 12. a4 Rac8 13. a5 Qc7 14. Qa4
Rfd8 15. Rfe1 Nd7 16. Ng5 Bg6 17. Bxg6 hxg6 18. Ndf3 Qf4 19. a6 b6 20. Qb5 Nf8
21. h4 Nh7 22. Nxh7 Kxh7 23. Re3 Kg8 24. Qd3 Qf5 25. Qxf5 1/2-1/2

[Event "Schachbezirk Oberbayern - EM 2017"]
[Site "Hochstätt am Inn"]
[Date "2017.05.28"]
[Round "2.8"]
[White "Nikutowski, Oliver"]
[Black "Steinheimer, Jürgen"]
[Result "1/2-1/2"]
[WhiteElo "1993"]
[BlackElo "2059"]
[PlyCount "99"]
[EventDate "2017.??.??"]
[WhiteTeam "Gautinger SC"]
[BlackTeam "SK Gräfelfing"]

1. d4 c5 2. dxc5 e6 3. Nc3 Bxc5 4. Ne4 d5 5. Nxc5 Qa5+ 6. c3 Qxc5 7. e4 Ne7 8.
Be3 Qc7 9. Bd3 Nbc6 10. Nf3 h6 11. O-O O-O 12. Rc1 e5 13. Bc5 Re8 14. Bxe7 Nxe7
15. Nd2 Be6 16. c4 dxe4 17. Bxe4 f5 18. Bb1 Nc6 19. Re1 Rad8 20. Qe2 e4 21. Nf1
Ne5 22. b3 Nd3 23. Bxd3 exd3 24. Qb2 f4 25. Rcd1 Qf7 26. f3 Bf5 27. Qf2 b6 28.
Nd2 Qb7 29. Kf1 Qc6 30. Rxe8+ Rxe8 31. Qd4 Qc5 32. Qxc5 bxc5 33. Ne4 Bxe4 34.
fxe4 Rxe4 35. Rxd3 Re7 36. Rd5 Rc7 37. Rf5 g5 38. h4 gxh4 39. Rxf4 Rf7 40. Rf2
Kg7 41. Ke1 Rxf2 42. Kxf2 Kf6 43. Kf3 Kf5 44. Ke3 a5 45. Kf3 Kg5 46. a3 Kf5 47.
Ke3 Ke5 48. Kd3 h5 49. Ke3 Kf5 50. Kf3 1/2-1/2

[Event "Schachbezirk Oberbayern - EM 2017"]
[Site "Hochstätt am Inn"]
[Date "2017.05.28"]
[Round "2.9"]
[White "Bergerhoff, Andreas"]
[Black "Linner, Christian"]
[Result "1/2-1/2"]
[WhiteElo "1988"]
[BlackElo "2001"]
[PlyCount "73"]
[EventDate "2017.??.??"]
[WhiteTeam "SK Bruckmühl e.V."]
[BlackTeam "SC Prien"]

1. e4 d6 2. f4 d5 3. e5 c5 4. Nf3 Nc6 5. Bb5 Qb6 6. a4 Bg4 7. h3 Bxf3 8. Qxf3
e6 9. d3 Nge7 10. Be3 a6 11. Bxc6+ Nxc6 12. b3 Nd4 13. Qd1 Nf5 14. Bf2 h5 15.
Nd2 Qc6 16. O-O Be7 17. c3 h4 18. Nf3 Rc8 19. Qd2 Rh6 20. b4 Rg6 21. d4 cxb4
22. cxb4 Qc3 23. Rac1 Qxd2 24. Rxc8+ Kd7 25. Nxd2 Kxc8 26. Rc1+ Kb8 27. b5 Bb4
28. Nf3 Rh6 29. bxa6 bxa6 30. Rb1 a5 31. Be1 Ka7 32. Bxb4 axb4 33. Rxb4 Rh8 34.
Ng5 Nh6 35. Rb5 Rb8 36. Rxb8 Kxb8 37. Kf2 1/2-1/2

[Event "Schachbezirk Oberbayern - EM 2017"]
[Site "Hochstätt am Inn"]
[Date "2017.05.28"]
[Round "3.1"]
[White "Schlosser, Andree"]
[Black "Ott, Josef Sebastian"]
[Result "1/2-1/2"]
[WhiteElo "2134"]
[BlackElo "1852"]
[PlyCount "93"]
[EventDate "2017.??.??"]
[WhiteTeam "SAbt TuS Fürstenfeldbruck"]
[BlackTeam "SG Traunstein/Traunreut e.V."]

1. d4 Nf6 2. Bf4 c5 3. e3 e6 4. c3 b6 5. Nf3 Be7 6. Be2 O-O 7. h3 Ba6 8. a4
Bxe2 9. Qxe2 Nc6 10. O-O Qc8 11. Nbd2 Rd8 12. e4 cxd4 13. cxd4 Qb7 14. Nb3 Rac8
15. Bg5 Nb4 16. Bxf6 Rc2 17. Bxe7 Rxe2 18. Bxd8 Qxe4 19. Nbd2 Qd3 20. Ra3 Qc2
21. Be7 Nc6 22. Bg5 Qxb2 23. Rb3 Qa2 24. Rfb1 e5 25. Kf1 e4 26. d5 exf3 27.
dxc6 dxc6 28. R3b2 Qd5 29. gxf3 Re6 30. Be3 Qd3+ 31. Kg2 Rg6+ 32. Kh2 Qd6+ 33.
f4 Qd5 34. Rg1 Rxg1 35. Kxg1 Qa5 36. Ra2 h6 37. Ra1 c5 38. Kh2 Kh7 39. Nc4 Qc3
40. Rc1 Qb3 41. a5 b5 42. Nd2 Qa3 43. Rxc5 Qxa5 44. Ne4 a6 45. Nd6 Qa2 46. Nxb5
axb5 47. Rxb5 1/2-1/2

[Event "Schachbezirk Oberbayern - EM 2017"]
[Site "Hochstätt am Inn"]
[Date "2017.05.28"]
[Round "3.2"]
[White "Straub, Jürgen"]
[Black "Schlichtmann, Robin"]
[Result "0-1"]
[WhiteElo "2121"]
[BlackElo "2161"]
[PlyCount "110"]
[EventDate "2017.??.??"]
[WhiteTeam "TSV Ingolstadt Nord"]
[BlackTeam "SK Bruckmühl e.V."]

1. Nf3 Nf6 2. g3 g6 3. b3 Bg7 4. Bb2 O-O 5. Bg2 c5 6. c4 Nc6 7. O-O b6 8. d4
cxd4 9. Nxd4 Bb7 10. Nc3 Rb8 11. Rc1 Nxd4 12. Qxd4 Bxg2 13. Kxg2 d6 14. Rfd1
Nd7 15. Qd2 Nc5 16. Nd5 Bxb2 17. Qxb2 Qd7 18. e4 Qe6 19. f3 Rb7 20. Nf4 Qc8 21.
Qe2 Rd8 22. Rd2 Ne6 23. Nd5 Rbd7 24. f4 Nc7 25. Rdc2 Qb7 26. Kg1 Rc8 27. Nc3
Qc6 28. Nd5 Qb7 29. Rd1 Nxd5 30. Rxd5 Rdc7 31. Rcd2 Rc5 32. e5 Rxd5 33. Rxd5
dxe5 34. Qxe5 e6 35. Rd3 Qc7 36. Qxc7 Rxc7 37. Rd8+ Kg7 38. g4 Kf6 39. a4 Ke7
40. Ra8 Kd6 41. Kf2 Kc5 42. Rd8 Kb4 43. Rd3 Re7 44. Ke3 e5 45. fxe5 Rxe5+ 46.
Kd2 h5 47. gxh5 Rxh5 48. h3 f5 49. Kc2 f4 50. Rf3 g5 51. Rc3 g4 52. c5 gxh3 53.
Rc4+ Ka5 54. c6 h2 55. c7 Rh8 0-1

[Event "Schachbezirk Oberbayern - EM 2017"]
[Site "Hochstätt am Inn"]
[Date "2017.05.28"]
[Round "3.3"]
[White "Spieß, Martin"]
[Black "Frese, Daniel"]
[Result "1-0"]
[WhiteElo "2210"]
[BlackElo "2063"]
[PlyCount "69"]
[EventDate "2017.??.??"]
[WhiteTeam "SK Ingolstadt"]
[BlackTeam "SG Traunstein/Traunreut e.V."]

1. e4 e6 2. d4 d5 3. Nc3 Nf6 4. exd5 exd5 5. Bd3 c6 6. Nge2 Bd6 7. Bg5 O-O 8.
Qd2 Nbd7 9. O-O-O b5 10. Ng3 Qa5 11. Kb1 Bb4 12. Nge2 Rb8 13. Bf4 Rb7 14. a3
Bxc3 15. Qxc3 Qb6 16. Bd6 Re8 17. f3 a5 18. b4 axb4 19. axb4 Qa6 20. Bc5 Nxc5
21. dxc5 Bf5 22. Bxf5 Rxe2 23. Bc8 Rxg2 24. Rhg1 Rxg1 25. Rxg1 Kf8 26. Kb2 Qa8
27. Bxb7 Qxb7 28. Qe5 Ne8 29. Re1 Qd7 30. f4 Nf6 31. Qb8+ Ne8 32. Ra1 Qe6 33.
Ra8 Qe1 34. Qd6+ Kg8 35. Qe5 1-0

[Event "Schachbezirk Oberbayern - EM 2017"]
[Site "Hochstätt am Inn"]
[Date "2017.05.28"]
[Round "3.4"]
[White "Jocher, Georg"]
[Black "Holzmayr, Norbert"]
[Result "1-0"]
[WhiteElo "2075"]
[BlackElo "1692"]
[PlyCount "69"]
[EventDate "2017.??.??"]
[WhiteTeam "SK Großweil"]
[BlackTeam "SV Ilmmünster"]

1. Nf3 d5 2. g3 c6 3. Bg2 Bg4 4. O-O Nd7 5. d4 e6 6. c4 Bd6 7. Nc3 f5 8. Ng5
Qe7 9. h3 Bh5 10. g4 h6 11. Nxe6 fxg4 12. e4 Qxe6 13. exd5 Qf7 14. hxg4 Bg6 15.
Re1+ Kf8 16. c5 Be7 17. dxc6 bxc6 18. Bxc6 Rd8 19. Bd5 Qf6 20. Re6 Qh4 21. Rxg6
Ndf6 22. Qf3 h5 23. g5 Rxd5 24. Nxd5 Kf7 25. gxf6 Kxg6 26. fxe7 Nxe7 27. Nxe7+
Qxe7 28. Qd3+ Kf7 29. Qf5+ Kg8 30. Bd2 Rh7 31. Re1 Qd8 32. Bg5 Qb8 33. Qe6+ Kf8
34. Be7+ Ke8 35. Bd6+ 1-0

[Event "Schachbezirk Oberbayern - EM 2017"]
[Site "Hochstätt am Inn"]
[Date "2017.05.28"]
[Round "3.5"]
[White "Graf, Christian"]
[Black "Rosner, Gerhard"]
[Result "1/2-1/2"]
[WhiteElo "1981"]
[BlackElo "2029"]
[PlyCount "77"]
[EventDate "2017.??.??"]
[WhiteTeam "SU Ebersberg-Grafing"]
[BlackTeam "SG Pang-Rosenheim 1910 e.V."]

1. e4 d5 2. exd5 Qxd5 3. Nc3 Qa5 4. d4 c6 5. Nf3 Nf6 6. Bd2 Qd8 7. g3 Bg4 8.
Be3 e6 9. Bg2 Nbd7 10. O-O Bd6 11. h3 Bh5 12. Ne2 O-O 13. Nf4 Bg6 14. Nxg6 hxg6
15. c4 Rc8 16. Qa4 Nb6 17. Qc2 c5 18. dxc5 Bxc5 19. Bxc5 Rxc5 20. b3 Qe7 21.
Rad1 Rc7 22. Qe2 Qa3 23. Rd2 Nbd7 24. Rfd1 a6 25. Ne5 Nxe5 26. Qxe5 Rc5 27. Qd6
b5 28. cxb5 axb5 29. Rc2 Rfc8 30. Rxc5 Qxc5 31. Qxc5 Rxc5 32. Rd8+ Kh7 33. Rb8
Nd5 34. Bf1 b4 35. Bc4 Ra5 36. Bxd5 exd5 37. Rxb4 Rxa2 38. Rd4 Rb2 39. Rxd5
1/2-1/2